MARC

LEADER 00000nam0a2200000 4500
001 41432
005 20231101210703.0
035 |a (RuTPU)RU\TPU\book\42537 
090 |a 41432 
100 |a 20020619d1986 m y0rusy50 ca 
101 0 |a rus 
102 |a RU 
105 |a a j 001zy 
200 1 |a Гидродинамика  |e учебное пособие  |f Л. Д. Ландау, Е. М. Лифшиц 
205 |a 3-е изд., перераб. 
210 |a Москва  |c Наука  |d 1986 
215 |a 736 с.  |c ил. 
225 1 |a Теоретическая физика  |v Т. 6  |f Л. Д. Ландау, Е. М. Лифшиц 
320 |a Предм. указ.: с.731-733 
451 1 |0 (RuTPU)RU\TPU\book\128132  |y 5-02-013850-9  |t Гидродинамика  |o учебное пособие  |f Л. Д. Ландау, Е. М. Лифшиц  |e 4-е изд., стер.  |c Москва  |n Наука  |d 1988  |p 733 с.  |s Теоретическая физика ; Т. 6  |a Ландау, Лев Давидович 
606 1 |a Гидродинамика  |2 stltpush  |3 (RuTPU)RU\TPU\subj\6651  |9 34481 
610 1 |a физика 
610 1 |a идеальная жидкость 
610 1 |a вязкие жидкости 
610 1 |a турбулентность 
610 1 |a пограничный слой 
610 1 |a теплопроводность 
610 1 |a диффузия 
610 1 |a поверхностные явления 
610 1 |a звук 
610 1 |a ударные волны 
610 1 |a сжимаемый газ 
610 1 |a конечные тела 
610 1 |a горение 
610 1 |a сверхтекучие жидкости 
610 1 |a учебные пособия 
675 |a 532.5(075.8)  |v 3 
700 1 |a Ландау  |b Л. Д.  |c российский физик-теоретик  |c академик АН СССР  |f 1908-1968  |g Лев Давидович  |2 stltpush  |3 (RuTPU)RU\TPU\pers\216  |9 111 
701 1 |a Лифшиц  |b Е. М.  |c российский физик  |f 1915-1985  |g Евгений Михайлович  |2 stltpush  |3 (RuTPU)RU\TPU\pers\23254 
801 1 |a RU  |b 63413507  |c 20020619  |g PSBO 
801 2 |a RU  |b 63413507  |c 20201117  |g PSBO 
942 |c BK